| 000 | 00389cam a2200157 4500 | ||
|---|---|---|---|
| 001 | D11049 | ||
| 008 | 090401t xxu||||| |||| 00| 0 eng d | ||
| 035 | _a(Sirsi) u97249 | ||
| 041 | _aeng | ||
| 100 | _aMacey, John Percival | ||
| 245 | _aRethinking our rents policy | ||
| 350 | _a0 | ||
| 520 | _aIn: RICS. Housing policy seminar March, 1968. 1968/49A | ||
| 942 | _n0 | ||
| 948 | _c04/03/1997 | ||
| 999 |
_c98819 _d98819 |
||